A Study of Pakistan Foreign Policy 1954-1970;Pakistan and Great Power (Record no. 267153)

000 -LEADER
fixed length control field 00275 a2200097 4500
001 - CONTROL NUMBER
control field 32080
090 ## - LOCALLY ASSIGNED LC-TYPE CALL NUMBER (OCLC); LOCAL CALL NUMBER (RLIN)
-- 21530
-- 21530
100 ## - MAIN ENTRY--PERSONAL NAME
Personal name Ahsan Mohammad Chaudhri
245 ## - TITLE STATEMENT
Title A Study of Pakistan Foreign Policy 1954-1970;Pakistan and Great Power
260 ## - PUBLICATION, DISTRIBUTION, ETC.
Place of publication, distribution, etc. Karachi
Name of publisher, distributor, etc. Royal Book Co
Date of publication, distribution, etc.
942 ## - ADDED ENTRY ELEMENTS (KOHA)
Institution code [OBSOLETE] NUST-CAE
Koha item type
--
Holdings
Withdrawn status Lost status Damaged status Not for loan Collection code Permanent Location Current Location Date acquired Total Checkouts Barcode Date last seen Price effective from Koha item type
          College of Aeronautical Engineering (CAE) College of Aeronautical Engineering (CAE) 04/03/2017   CAE72234 04/05/2017 04/05/2017 Book
© 2023 Central Library, National University of Sciences and Technology. All Rights Reserved.